00373pab a2200121 454500008004000000100002100040245010500061260000900166300001000175362000900185650001500194773004200209180718b1990 xxu||||| |||| 00| 0 eng d aVenkatapathy, R. aPerception of top management leadership styles and climatebA study of public and private executives c1990 a303-4 aJan. aLeadership aIndian Journal of Indusrial Relations